书目信息 |
| 题名: |
现代智能建筑设计方法
|
|
| 作者: | 尚继英 编译 | |
| 分册: | ||
| 出版信息: | 北京 气象出版社 1996.08 |
|
| 页数: | 197页 | |
| 开本: | 32开 | |
| 丛书名: | ||
| 单 册: | ||
| 中图分类: | TU8 | |
| 科图分类: | ||
| 主题词: | 房屋建筑设备 | |
| 电子资源: | ||
| ISBN: | 7-5029-2220-2 | |
| 000 | 00565nam0 2200193 45 | |
| 001 | 0007300960 | |
| 005 | 20000730092904.6 | |
| 010 | @a7-5029-2220-2@d9.00元 | |
| 100 | @a20000730d1996 km y0chiy0120 ea | |
| 101 | 0 | @achi |
| 105 | @a z 000yy | |
| 200 | 1 | @a现代智能建筑设计方法@AXian Dai Zhi Neng Jian Zhu She Ji Fang Fa@f尚继英编译@FShang Ji Ying Bian Yi |
| 210 | @a北京@c气象出版社@d1996.08 | |
| 215 | @a197页@d32开 | |
| 606 | 0 | @a房屋建筑设备 |
| 690 | @aTU8@v3 | |
| 701 | 0 | @a尚继英@4编译 |
| 801 | @aCN@bPftUser@c20000730 | |
| 905 | @b83158-167@dTU8@eSH915@f10 | |
| 现代智能建筑设计方法/尚继英编译.-北京:气象出版社,1996.08 |
| 197页;32开 |
| ISBN 7-5029-2220-2:9.00元 |
| ● |
| 相关链接 |
|
|
|
正题名:现代智能建筑设计方法
索取号:TU8/SH915
 
预约/预借
| 序号 | 登录号 | 条形码 | 馆藏地/架位号 | 状态 | 备注 |
| 1 | 83158 | 200831582 | 建筑库201/201建筑库 48排6列5层/ [索取号:TU8/SH915] | 在馆 | |
| 2 | 83159 | 200831591 | 建筑库201/201建筑库 48排6列5层/ [索取号:TU8/SH915] | 在馆 | |
| 3 | 83160 | 200831608 | 建筑库201/201建筑库 48排6列5层/ [索取号:TU8/SH915] | 在馆 | |
| 4 | 83161 | 200831617 | 建筑库201/201建筑库 48排6列5层/ [索取号:TU8/SH915] | 在馆 | |
| 5 | 83162 | 200831626 | 建筑库201/201建筑库 48排6列5层/ [索取号:TU8/SH915] | 在馆 | |
| 6 | 83163 | 200831635 | 建筑库201/201建筑库 48排6列5层/ [索取号:TU8/SH915] | 在馆 | |
| 7 | 83164 | 200831644 | 建筑库201/201建筑库 48排6列5层/ [索取号:TU8/SH915] | 在馆 | |
| 8 | 83165 | 200831653 | 建筑库201/201建筑库 48排6列5层/ [索取号:TU8/SH915] | 在馆 | |
| 9 | 83166 | 200831662 | 建筑库201/201建筑库 48排6列5层/ [索取号:TU8/SH915] | 在馆 | |
| 10 | 83167 | 200831671 | 建筑库201/201建筑库 48排6列5层/ [索取号:TU8/SH915] | 在馆 |